{"text_format":"3","workbook":"xlsx","n_sheets":1,"sheets":["Sheet1"],"read":"whole","date_system":"1900"}

{"sheet":"Sheet1","index":0,"n_rows":18,"n_cols":11,"rows_kept":18,"merged":[[0,0,1,10]]}
["中能采购部购货明细日报表\n2018年9月30日"]
[]
["类别","日期","物料","规格","数量","单位","单价","总价","供应商","合同编号","签收人"]
["大力神","2018-09-30","开关总成等",{"$nulls":4},{"v":8370,"d":"8370.00"},"南京赛磊商贸有限公司"]
["大力神","2018-09-30","手柄总成等",{"$nulls":4},{"v":4362,"d":"4362.00"},"宁波市鄞州远航气动工具厂"]
["大力神","2018-09-30","端板","500*310*19-19.5AB",1350,"片",145,{"v":195750,"d":"195750.00"},"浙江弘源金属制品有限公司"]
["大力神","2018-09-30","端板","300*70*18AB",3000,"片",40.5,{"v":121500,"d":"121500.00"},"浙江弘源金属制品有限公司"]
["大力神","2018-09-30","更换模块互感器",{"$nulls":4},{"v":2900,"d":"2900.00"},"浙江新富凌电气股份有限公司"]
["大力神","2018-09-30","钢棒",10,105,"吨",4600,{"v":483000,"d":"483000.00"},"日照市弘佳康物资有限公司"]
["大力神","2018-09-30","盘条",10,100,"吨",4600,{"v":460000,"d":"460000.00"},"山东天保工贸有限公司"]
["中大杆塔","2018-09-30","开平板",{"$nulls":4},163597.82,"泰安市晟永鑫物资有限公司"]
["大力神","2018-09-30","可发性聚苯乙烯泡沫板","圆板",3744,"个",2.9,{"v":10846,"d":"10846.00"},"江苏华泰节能保温有限公司"]
["大力神","2018-09-30","线材","6.5#",70,"吨",4490,{"v":314300,"d":"314300.00"},"廊坊市强一商贸有限公司"]
["大力神","2018-09-30","带钢","1.2*150",35,"吨",4680,{"v":163800,"d":"163800.00"},"济南泉钢商贸有限公司"]
["大力神","2018-09-30","线材","195/6.5",38,"吨",4490,{"v":170620,"d":"170620.00"},"山东泉乘津泰经贸有限公司"]
["中大杆塔","2018-09-30","钢板Q345B",{"$nulls":3},4600,{"v":147200,"d":"147200.00"},"济南金宏通钢管有限公司"]
["中能置业","2018-09-30","桥架三通吊丝等",{"$nulls":4},{"v":11076,"d":"11076.00"},"徐州浩华电缆桥架有限公司"]
["中大杆塔","2018-09-30","钢板角钢扁钢等",{"$nulls":4},{"v":128980,"d":"128980.00"},"济南金宏通钢管有限公司"]